Human variation (Record no. 11077)

MARC details
000 -LEADER
fixed length control field 01375cam a2200361Ia 4500
001 - CONTROL NUMBER
control field CRC00E84712PDF
003 - CONTROL NUMBER IDENTIFIER
control field BD-DhSAU
005 - DATE AND TIME OF LATEST TRANSACTION
control field 20151012144259.0
006 - FIXED-LENGTH DATA ELEMENTS--ADDITIONAL MATERIAL CHARACTERISTICS
fixed length control field m|||||o||d||||||||
007 - PHYSICAL DESCRIPTION FIXED FIELD--GENERAL INFORMATION
fixed length control field cr||||
008 - FIXED-LENGTH DATA ELEMENTS--GENERAL INFORMATION
fixed length control field 091109s2010 flu sb 001 0 eng d
020 ## - INTERNATIONAL STANDARD BOOK NUMBER
International Standard Book Number 9781420084740 (ebook : PDF)
040 ## - CATALOGING SOURCE
Original cataloging agency BD-DhSAU
Transcribing agency BD-DhSAU
090 ## - LOCALLY ASSIGNED LC-TYPE CALL NUMBER (OCLC); LOCAL CALL NUMBER (OCLC)
Classification number (OCLC) (R) ; Classification number, CALL (RLIN) (NR) GN62.8
Local cutter number (OCLC) ; Book number/undivided call number, CALL (RLIN) .H88 2010
092 ## - LOCALLY ASSIGNED DEWEY CALL NUMBER (OCLC)
Classification number 599.9
Item number H918
245 00 - TITLE STATEMENT
Title Human variation
Medium [electronic resource] :
Remainder of title from the laboratory to the field /
Statement of responsibility, etc. [editors] C. G. Nicholas Mascie-Taylor, Akira Yasukouchi, Stanley Ulijaszek.
260 ## - PUBLICATION, DISTRIBUTION, ETC. (IMPRINT)
Place of publication, distribution, etc. Boca Raton, Fla. :
Name of publisher, distributor, etc. CRC Press,
Date of publication, distribution, etc. c2010.
300 ## - PHYSICAL DESCRIPTION
Extent 317 p.
490 1# - SERIES STATEMENT
Series statement Society for the study of human biology series
504 ## - BIBLIOGRAPHY, ETC. NOTE
Bibliography, etc Includes bibliographical references and index.
530 ## - ADDITIONAL PHYSICAL FORM AVAILABLE NOTE
Additional physical form available note Also available in print edition.
538 ## - SYSTEM DETAILS NOTE
System details note Mode of access: World Wide Web.
650 #0 - SUBJECT ADDED ENTRY--TOPICAL TERM
Topical term or geographic name as entry element Physical anthropology.
650 #0 - SUBJECT ADDED ENTRY--TOPICAL TERM
Topical term or geographic name as entry element Anthropometry.
650 #0 - SUBJECT ADDED ENTRY--TOPICAL TERM
Topical term or geographic name as entry element Human population genetics.
655 #7 - INDEX TERM--GENRE/FORM
Genre/form data or focus term Electronic books.
Source of term lcsh
700 1# - ADDED ENTRY--PERSONAL NAME
Personal name Mascie-Taylor, C. G. N.
700 1# - ADDED ENTRY--PERSONAL NAME
Personal name Yasukouchi, Akira.
700 1# - ADDED ENTRY--PERSONAL NAME
Personal name Ulijaszek, Stanley J.
776 1# - ADDITIONAL PHYSICAL FORM ENTRY
International Standard Book Number 9781420084719
830 #0 - SERIES ADDED ENTRY--UNIFORM TITLE
Uniform title Society for the Study of Human Biology series.
856 40 - ELECTRONIC LOCATION AND ACCESS
Uniform Resource Identifier <a href="http://marc.crcnetbase.com/isbn/9781420084740">http://marc.crcnetbase.com/isbn/9781420084740</a>
Electronic format type application/PDF

No items available.